00693nam a2200217 a 450000100060000000300080000600500170001400800410003103500190007204000350009104100080012608200240013410000170015824501240017526000470029930000330034650000200037950400330039965000190043270000240045157592BD-RjUL20211209080531.0161210s1986 ii a b 00110 eng d a(BD-RjUL)57716 aBD-RjULbengcBD-RjULdBD-RjUL aeng 223a304.2bMAA 19861 aMalik, S. L.10aAspects of human ecology :ba dynamic inter-relationship between man and environment /cS.L. Malik & D.K. Bhattacharya. aNew Delhi :bNorthern Book Centre,cc1986. avi, 112 p. :bill. ;c23 cm. aIncludes index. aBibliography : p. [105]-110. 0aHuman ecology.1 aBhattacharya, D. K.